| 000 | 00406nam a2200169Ia 4500 | ||
|---|---|---|---|
| 008 | 221030s9999 xx 000 0 und d | ||
| 020 | _a0070473552 | ||
| 041 | _aEnglish | ||
| 082 |
_a105.23 _bKha |
||
| 100 | _aR. S. Khandpur | ||
| 245 | 0 |
_aHandbook of Biomedical Instrumentation _cby R. S. Khandpur |
|
| 250 | _a2nd | ||
| 260 |
_bTMH _aNew Delhi _c2006 |
||
| 300 | _a924 | ||
| 650 | _aECE | ||
| 942 | _cBK | ||
| 999 |
_c3560 _d3560 |
||